LEADER 01074cam0-22003491i-450- 001 990003978260403321 005 20121204093951.0 010 $a88-464-4453-1 035 $a000397826 035 $aFED01000397826 035 $a(Aleph)000397826FED01 035 $a000397826 100 $a20031110d2003----km-y0itay50------ba 101 0 $aita 102 $aIT 200 1 $aOrganizzazione per processi in sanità$eun approccio trasversale all'organizzazione per vincere le resistenze al cambiamento$fEugenio Vignati, Paolo Bruno 210 $aMilano$cFrancoAngeli$d2003 215 $a190 p.$d23 cm 225 1 $aAzienda moderna$v509 610 0 $aItalia$aSistema sanitario 676 $a362.10684$v21$zita 700 1$aVignati,$bEugenio$0383050 701 1$aBruno,$bPaolo$f<1966- >$0383051 801 0$aIT$bUNINA$gREICAT$2UNIMARC 901 $aBK 912 $a990003978260403321 952 $aXVII-C-179$b9620$fMAS 952 $a0-4-685-TI$b8762$fECA 959 $aMAS 959 $aECA 996 $aOrganizzazione per processi in sanità$965284 997 $aUNINA LEADER 02475nam 2200541 450 001 9910480583803321 005 20170816143331.0 010 $a1-4704-0086-3 035 $a(CKB)3360000000464693 035 $a(EBL)3113763 035 $a(SSID)ssj0000889023 035 $a(PQKBManifestationID)11449080 035 $a(PQKBTitleCode)TC0000889023 035 $a(PQKBWorkID)10875507 035 $a(PQKB)11498367 035 $a(MiAaPQ)EBC3113763 035 $a(PPN)19541392X 035 $a(EXLCZ)993360000000464693 100 $a20140902h19931993 uy 0 101 0 $aeng 135 $aur|n|---||||| 181 $ctxt 182 $cc 183 $acr 200 14$aThe kinematic formula in Riemannian homogeneous spaces /$fRalph Howard 210 1$aProvidence, Rhode Island :$cAmerican Mathematical Society,$d1993. 210 4$dİ1993 215 $a1 online resource (82 p.) 225 1 $aMemoirs of the American Mathematical Society,$x0065-9266 ;$vVolume 106, Number 509 300 $a"November 1993, Volume 106, Number 509 (fourth of 6 numbers)." 311 $a0-8218-2569-0 327 $a""Contents""; ""1. Introduction""; ""2. The Basic Integral Formula for Submanifolds of a Lie Group""; ""3. Poincare's Formula in Homogeneous Spaces""; ""Appendix: Cauchy-Crofton Type Formulas and Invariant Volumes""; ""4. Integral Invariants of Submanifolds of Homogeneous Spaces, The Kinematic Formula, and the Transfer Principle""; ""Appendix: Crofton Type Kinematic Formulas""; ""5. The Second Fundamental Form of an Intersection""; ""6. Lemmas and Definitions""; ""7. Proof of the Kinematic Formula and the Transfer Principle""; ""8. Spaces of Constant Curvature"" 327 $a""9. An Algebraic Characterization of the Polynomials in the Weyl Tube Formula""""10. The Weyl Tube Formula and the Chern-Federer Kinematic Formula""; ""Appendix: Fibre Integrals and the Smooth Coarea Formula""; ""References"" 410 0$aMemoirs of the American Mathematical Society ;$vVolume 106, Number 509. 606 $aIntegral geometry 606 $aRiemannian manifolds 608 $aElectronic books. 615 0$aIntegral geometry. 615 0$aRiemannian manifolds. 676 $a516.3/73 700 $aHoward$b Ralph$f1950-$0864992 801 0$bMiAaPQ 801 1$bMiAaPQ 801 2$bMiAaPQ 906 $aBOOK 912 $a9910480583803321 996 $aThe kinematic formula in Riemannian homogeneous spaces$91930651 997 $aUNINA LEADER 01740nas 2200541-a 450 001 9910146942703321 005 20260218112133.0 011 $a1613-8872 035 $a(CKB)954925496031 035 $a(CONSER)sn-86021086- 035 $a(DE-599)ZDB2220949-9 035 $a(DE-599)2220949-9 035 $a(EXLCZ)99954925496031 100 $a19860116b19842005 --- a 101 0 $aeng 181 $ctxt$2rdacontent 182 $cc$2rdamedia 183 $acr$2rdacarrier 200 00$aEndocytobiosis and cell research 210 $aTübingen [Germany] $cTübingen University Press$d[1984?- 215 $a1 online resource 300 $aTitle from cover. 300 $aAt head of title: ISE letters. 300 $aRefereed/Peer-reviewed 311 08$aPrint version: Endocytobiosis and cell research. 0256-1514 (DLC)sn 86021086 (OCoLC)13029120 517 1 $aISE letters 517 1 $aInternational journal on endocytobiosis and cell research 531 $aENDOCYTOBIOSIS CELL RES 531 $aENDOCYT CELL RES 531 $aENDOCYT CEL 531 $aENDOCYTOBIOSIS & CELL RESEARCH 531 10$aEndocytobiosis Cell Res 606 $aCytology$xResearch$vPeriodicals 606 $aCytology$xResearch$2fast$3(OCoLC)fst00886296 606 $aEukaryotic Cells$xcytology 606 $aSymbiosis 608 $aPeriodicals.$2fast 608 $aPeriodical. 615 0$aCytology$xResearch 615 7$aCytology$xResearch. 615 2$aEukaryotic Cells$xcytology. 615 2$aSymbiosis. 712 02$aInternational Society of Endocytobiology. 906 $aJOURNAL 912 $a9910146942703321 920 $aexl_impl conversion 996 $aEndocytobiosis and cell research$92261787 997 $aUNINA